000 01898cam a22004814i 4500
003 PE-LiUPU
005 20250731173017.0
008 150623s1998 gs r 000 0 eng d
020 _a157312172X
035 _a(Sirsi) i9781573121729
040 _aPE-LiUPU
_bspa
_cPE-LiUPU
_erda
049 _aPRUA
082 0 4 _a270.0905
_bC28
_221
245 0 0 _aCentral thoughts on the church in the 21st century :
_bessays from the faculty of Central Baptist Theological Seminary /
_cThomas E. Clifton, editor.
264 1 _aMacon, Georgia :
_bSmyth and Helwys Publishing, Inc.,
_c1998.
300 _a152 páginas ;
_c23 centímetros
336 _atext
_2rdacontent
337 _aunmediated
_2rdamedia
338 _avolume
_2rdacarrier
505 0 _aBeing there in the community of faith -- High church, low church -- The watered garden -- Changes and challenges -- The great commission -- The New Testament -- Multiple interpretations of the Biblical text -- Ministering a digital age -- Spiritual formation -- Theology and ethics.
526 _aSEG42
526 _aSEG41
526 _aSEG40
526 _aSEG39
526 _aP94
526 _aP87
526 _aP86
526 _aP85
526 _aP77
526 _aP76
526 _aP35
650 0 4 _aBautistas
_zEstados Unidos.
650 0 4 _aCristianismo
_xPredicción.
650 0 4 _aIglesia.
650 0 4 _aSiglo XXI
_xPronósticos.
700 1 _aThomas E. Clifton,
_eed.
942 _2ddc
_cBOOK
949 _a270.0905 C28
_wDEWEY
_c1
_i47318
_lCCODEBUL1
_mBUL
_r0
_sY
_tBOOK
_u2015-6-24
_xTEOLOGIA
_PP35
_0COMPRA
_o.STAFF. Colección Teología
994 _aC0
_bPEPRU
596 _a1
999 _a270.0905 C28
_wDEWEY
_c23868
_i47318
_f2021-11-11
_g5
_lCCODEBUL1
_mBUL
_p14.00
_r0
_sY
_tBOOK
_u2015-6-24
_xTEOLOGIA
_PP35
_0COMPRA
_o.STAFF. Colección Teología
_d23868
980 _81
_gALBERTO SANCHEZ Responsable de Automatización